000 01881nam a2200289 a 4500
001 000015495
003 DO-SdBNP
005 20240409120336.0
007 ta
008 100211s2009 dr ach 001 0 spa d
020 _a9789945163292
040 _aDO-SdBNP
_bspa
_cBNPHU
082 4 _a972.93054
_bM296t
_222
100 1 _aMañón, Melvin
_910427
245 1 0 _aTravesía /
_cMelvin Mañón ; prólogo Fidel Munnigh.
260 _aSanto Domingo :
_bBúho,
_c2009.
300 _aix, 504 p. :
_bil., fracsíms., retrs. ;
_c23 cm.
500 _aIncluye bibliografía y notas al pie de páginas.
505 2 _aPrólogo: Melvin Mañón: humano, demasiado humano /
_rFidel Munnigh --
_tI: Entre abril y Caracoles --
_tLa contrainsurgencia avanza --
_tConfusión, extravío y malentendido: El origen de una infamia --
_tLa ruptura del cerco y del anonimato --
_tEl caso Orlando Martínez --
_tLa movida de los generales --
_tII: Hacia la teoría del modelo cibaeño --
_tHacia la capital del mundo --
_tDel MPD al Banco Central --
_tEn busca de "El Grupo de Santiago" --
_tEn mangas de camisa --
_tEn el Palacio Nacional --
_tLos tiempos del desconcierto --
_tLa ruta de la prosperidad --
_tA la deriva --
_tEl futuro es sobre la marcha --
_tIII: Antesala de la rebelión --
_tEscribiendo novelas y un nuevo despertar --
_tUn mundo fuera de control --
_tDe regreso a la historia --
_tEl futuro cercano --
_gEpílogo --
_gÍndice de nombres --
_tCronología de acontecimientos.
590 _aInventariado, 2019/MFF
651 4 _aRepública Dominicana
_xHistoria
_y1961-
_xRelatos personales
_935001
651 0 _aREPÚBLICA DOMINICANA
_xHISTORIA
_yOCUPACIÓN NORTEAMERICANA, 1985-1966
_xCORRESPONDENCIA, MEMORIAS, ETC
_916871
651 4 _aRepública Dominicana
_xHistoria
_yRevolución, 1965
_92167
700 1 _aMunnigh, Fidel,
_epról.
_935003
910 _aValidado. Control de calidad EMS
942 _2ddc
_cLBS1
999 _c15051
_d15051